000 00645nam a2200241Ia 4500
001 1839
005 20240113233518.0
007 ta
008 050217s a g b000 u eng u
020 _cHB
040 _aRef.Stack
041 _aeng
082 _a930.1
_bBi 518 Le
100 _aBinst, Oliver .
245 0 _aThe Levant : History and Archaeology in the Eastern Mediterranean /
_cOlivier Binst.
_hTextual Documents
260 _bKonemann ,
_c1946.
300 _a319p. :
_bill ;
_c28cm .
500 _aNot available Place & year
653 _aHistory of Archaeology
942 _2ddc
_cBK
999 _c1834
_d1834